Poesías

Uloženo v:
Podrobná bibliografie
Hlavní autor: Valdés, Adolfo (Autor)
Médium: Kniha
Jazyk:španělština
Vydáno: Valparaíso El Mercurio 1874
Vydání:1a. ed
Témata:
Tagy: Přidat tag
Žádné tagy, Buďte první, kdo vytvoří štítek k tomuto záznamu!

MARC

LEADER 00000cam a2200000 a 4500
001 UCE9802
003 CL-VaPUC
008 151106e18740000cl |||||||||||||||||spa|d
082 0 4 |a Co861  |b VAL  |2 21 
100 0 |a Valdés, Adolfo  |e author  |9 512824 
245 1 0 |a Poesías 
250 |a 1a. ed 
300 |a 482 p 
942 |c BK 
945 |d 20151106 14:16:00  |a dcastane 
260 |a Valparaíso  |b El Mercurio  |c 1874 
650 7 |a POESIAS COLOMBIANAS  |2 CL-VaPUC  |9 582748 
650 0 |a Literatura colombiana   |9 315578 
583 |a last modification  |c 20151106 14:16:00  |k Rodrigo Vera 
999 |c 361447  |d 361445 
952 |0 0  |1 0  |3 erd  |4 0  |6 CO_861_000000000000000_VAL_1874  |7 0  |8 ?  |9 472001  |a FDOBUD  |b FDOBUD  |i 5210143  |o Co861 VAL 1874  |p 5210143  |r 2019-11-24  |w 2019-11-24  |y BK  |z Catalogado en:20151106  |k BUD